Thermodynamics (Record no. 8344)

000 -LEADER
fixed length control field 00603nam a2200217 i 4500
001 - CONTROL NUMBER
control field 8344
003 - CONTROL NUMBER IDENTIFIER
control field BD-DhUET
008 - FIXED-LENGTH DATA ELEMENTS--GENERAL INFORMATION
fixed length control field 770308s1978 nyua b 001 0 eng
020 ## - INTERNATIONAL STANDARD BOOK NUMBER
International Standard Book Number 0023355301
040 ## - CATALOGING SOURCE
Original cataloging agency DLC
Transcribing agency DLC
Modifying agency BD-DhUET
082 ## - DEWEY DECIMAL CLASSIFICATION NUMBER
Classification number 621.01
Item number FAI/1970
100 ## - MAIN ENTRY--PERSONAL NAME
Personal name Faires, Virgil Moring
245 10 - TITLE STATEMENT
Title Thermodynamics
Statement of responsibility, etc. by Virgil Moring Faires and Clifford Max Simmang
250 ## - EDITION STATEMENT
Edition statement 6th ed.
260 ## - PUBLICATION, DISTRIBUTION, ETC. (IMPRINT)
Place of publication, distribution, etc. New York
Name of publisher, distributor, etc. Macmillan
Date of publication, distribution, etc. 1970
300 ## - PHYSICAL DESCRIPTION
Extent xxiii, 647 p.
Other physical details ill.
Dimensions 26 cm.
504 ## - BIBLIOGRAPHY, ETC. NOTE
Bibliography, etc Includes bibliographies
650 #0 - SUBJECT ADDED ENTRY--TOPICAL TERM
Topical term or geographic name as entry element Thermodynamics
700 ## - ADDED ENTRY--PERSONAL NAME
Personal name Simmang, Clifford Max
942 ## - ADDED ENTRY ELEMENTS (KOHA)
Koha item type General Book
Holdings
Not for loan Sublocation or collection (holding branch) Location (home branch) Copy number Koha normalized classification for sorting Koha item type Price effective from Damaged status Piece designation (barcode) Koha date last seen Shelving location Source of classification or shelving scheme Date acquired Koha full call number Lost status Withdrawn status
 Central Library, BUETCentral Library, BUET1621_010000000000000_FAI_1978General Book2015-01-20 429432015-01-20Circulation section 2015-01-20621.01/FAI/1978  
 Central Library, BUETCentral Library, BUET৬/ক-১621_010000000000000_FAI_1970Rental Item2024-12-11 631352024-12-11Rental section 1985-06-11621.01 FAI/1970  
 Central Library, BUETCentral Library, BUET৬/ক-২621_010000000000000_FAI_1970Rental Item2024-12-11 631362024-12-11Rental section 1985-06-11621.01 FAI/1970  
 Central Library, BUETCentral Library, BUET৬/ক-৩621_010000000000000_FAI_1970Rental Item2024-12-11 631372024-12-11Rental section 1985-06-11621.01 FAI/1970  
 Central Library, BUETCentral Library, BUET৬/ক-৪621_010000000000000_FAI_1970Rental Item2024-12-11 631382024-12-11Rental section 1985-06-11621.01 FAI/1970  
 Central Library, BUETCentral Library, BUET৬/ক-৫621_010000000000000_FAI_1970Rental Item2024-12-11 631392024-12-11Rental section 1985-06-11621.01 FAI/1970  
 Central Library, BUETCentral Library, BUET৬/ক-৬621_010000000000000_FAI_1970Rental Item2024-12-11 631402024-12-11Rental section 1985-06-11621.01 FAI/1970  
 Central Library, BUETCentral Library, BUET৬/ক-৭621_010000000000000_FAI_1970Rental Item2024-12-11 631412024-12-11Rental section 1985-06-11621.01 FAI/1970  
 Central Library, BUETCentral Library, BUET৬/ক-৮621_010000000000000_FAI_1970Rental Item2024-12-11 631422024-12-11Rental section 1985-06-11621.01 FAI/1970  
 Central Library, BUETCentral Library, BUET৬/ক-৯621_010000000000000_FAI_1970Rental Item2024-12-11 631432024-12-11Rental section 1985-06-11621.01 FAI/1970  
 Central Library, BUETCentral Library, BUET৬/ক-১০621_010000000000000_FAI_1970Rental Item2024-12-11 631442024-12-11Rental section 1985-06-11621.01 FAI/1970  
 Central Library, BUETCentral Library, BUET৬/ক-১১621_010000000000000_FAI_1970Rental Item2024-12-11 631452024-12-11Rental section 1985-06-11621.01 FAI/1970  
 Central Library, BUETCentral Library, BUET৬/ক-১২621_010000000000000_FAI_1970Rental Item2024-12-11 631462024-12-11Rental section 1985-06-11621.01 FAI/1970  
 Central Library, BUETCentral Library, BUET৬/ক-১৩621_010000000000000_FAI_1970Rental Item2024-12-11 631472024-12-11Rental section 1985-06-11621.01 FAI/1970  
 Central Library, BUETCentral Library, BUET৬/ক-১৪621_010000000000000_FAI_1970Rental Item2024-12-11 631482024-12-11Rental section 1985-06-11621.01 FAI/1970  
 Central Library, BUETCentral Library, BUET৬/ক-১৫621_010000000000000_FAI_1970Rental Item2024-12-11 631492024-12-11Rental section 1985-06-11621.01 FAI/1970  
 Central Library, BUETCentral Library, BUET৬/ক-১৬621_010000000000000_FAI_1970Rental Item2024-12-11 631502024-12-11Rental section 1985-06-11621.01 FAI/1970  
 Central Library, BUETCentral Library, BUET৬/ক-১৭621_010000000000000_FAI_1970Rental Item2024-12-11 631512024-12-11Rental section 1985-06-11621.01 FAI/1970  
 Central Library, BUETCentral Library, BUET৬/ক-১৮621_010000000000000_FAI_1970Rental Item2024-12-11 631522024-12-11Rental section 1985-06-11621.01 FAI/1970  
 Central Library, BUETCentral Library, BUET৬/ক-১৯621_010000000000000_FAI_1970Rental Item2024-12-11 631532024-12-11Rental section 1985-06-11621.01 FAI/1970  
 Central Library, BUETCentral Library, BUET৬/ক-২০621_010000000000000_FAI_1970Rental Item2024-12-11 631542024-12-11Rental section 1985-06-11621.01 FAI/1970